00624 a2200157 4500003000500000005001700005020001400022040000900036082001200045100002300057245008900080260004000169300001200209505023300221650001200454Nust20230710094825.0 a389004626 cNust a530,REI aReimann, Arnold L. aPhysics: Mechanics and Heat; Electricity, Magnetism and optics / cArnold L. Reimann aBarnes & Noble, bNew York, c1971. a1070 p. aIntroduction (Page-1), Kinematics (Page-25), Dynamics (Page-87), Rigid-Body Mechanics (Page-157), Continuum Mechanics (Page-209), Heat (Page-327), Electric charges and currents (Page-479), Magnetism (Page-733), Light (Page-909). aPhysics